Entrada Topical Term
Número de registros utilizados en: 1
001 - CONTROL NUMBER
- control field: 27923
003 - CONTROL NUMBER IDENTIFIER
- control field: OSt
005 - DATE AND TIME OF LATEST TRANSACTION
- control field: 20210920195142.0
008 - FIXED-LENGTH DATA ELEMENTS
- fixed length control field: 860211i| anannbabn |a ana
040 ## - CATALOGING SOURCE
- Original cataloging agency: la-la
042 ## - AUTHENTICATION CODE
- Authentication code: la
083 ## - DEWEY DECIMAL CLASSIFICATION NUMBER
- Classification number element-single number or beginning number of span: 401.3-20 ed.
150 ## - HEADING--TOPICAL TERM
- Topical term or geographic name entry element: Lenguas Francas
360 ## - COMPLEX SEE ALSO REFERENCE--SUBJECT
- Heading referred to: y los nombre particulares de lenguas francas
450 ## - SEE FROM TRACING--TOPICAL TERM
- Topical term or geographic name entry element: Lengua comercial
450 ## - SEE FROM TRACING--TOPICAL TERM
- Topical term or geographic name entry element: Lengua franca
450 ## - SEE FROM TRACING--TOPICAL TERM
- Topical term or geographic name entry element: Lenguas comerciales
450 ## - SEE FROM TRACING--TOPICAL TERM
- Topical term or geographic name entry element: Lingua franca
550 ## - SEE ALSO FROM TRACING--TOPICAL TERM
- Control subfield: g
- Topical term or geographic name entry element: Lenguas en contacto
550 ## - SEE ALSO FROM TRACING--TOPICAL TERM
- Control subfield: h
- Topical term or geographic name entry element: Lenguas francas (region mediterranea)
550 ## - SEE ALSO FROM TRACING--TOPICAL TERM
- Control subfield: h
- Topical term or geographic name entry element: Lenguas pidgin
670 ## - SOURCE DATA FOUND
- Source citation: LC authorities / Library of Congress, (Consultado 11, nov., 2002) Disponible en internet: http://authorities.loc.gov
670 ## - SOURCE DATA FOUND
- Source citation: LEMB
680 ## - PUBLIC GENERAL NOTE
- Heading or subdivision term: Use para las lenguas segundas o auxiliares, generalmente mixtas, habladas por grupos que no poseen en común otra lengua. Las lenguas francas, no establecidas como lenguas maternas, caracterizadas por una gramática simple y un vocabulario mixto, entran bajo :-LENGUAS PIDGIN-Las lenguas resultantes de la mezcla de diferentes lenguas en áreas de intenso contacto, entran bajo :-LENGUAS MIXTAS-Las lenguas pidgin establecidas como lengua materna, entran bajo :-LENGUAS CRIOLLAS
750 ## - ESTABLISHED HEADING LINKING ENTRY--TOPICAL TERM
- Topical term or geographic name entry element: Lingua francas